000 01048nam a2200277Ia 4500
003 OSt
005 20221005105802.0
006 a|||||r|||| 00| 0
007 ta
008 221004b |||||||| |||| 00| 0 hin d
020 _a9788171382774 (hbk)
_c300
024 _a23679
037 _b248, 03/12/2015, Eastern Book Linkers
_cTextual
040 _aCRL
_cCRL
_bhin
041 _2hin
_ahin
082 _aY72:4.2, 152Q5
100 _aगुप्ता, रमणिका, संपा.
245 0 _aआदिवासी अस्मिता का संकट
246 _aĀdivāsī asmitā kā sankaṭa
250 _aसंस्करण 2
260 _aनई दिल्ली
_bसामयिक प्रकाशन भारत
_c2015
300 _a159पृ0
_ccm.
650 _aभारतीय-लोक साहित्य
942 _hY72:4.2, 152Q5
_cTEXL
_2cc
999 _c1016897
_d1016897